La oralidad en el proceso civil

Detalles Bibliográficos
Autor principal: Herrera Montaęz, Diego Alejandro
Otros Autores: Correa Medina, Jaime Augusto
Formato: eBook
Lenguaje:español
Publicado: Bogot:̀ Editorial Universidad de Rosario (Colombia), 2018
Materias:
Acceso en línea:Acceso restringido

MARC

LEADER 00000nam a22000007a 4500
005 20180719124950.0
007 cr|||| |||
008 180719s2018 co |||||s|||| 00||0 spa d
020 |a 978-958-784-037-7 
035 |a 21852 
040 |a vLex 
090 |c 8056  |d 8056 
100 1 |a Herrera Montaęz, Diego Alejandro 
245 1 2 |a La oralidad en el proceso civil  |h [Recurso electrn̤ico] /  |c Diego Alejandro Herrera Montaęz, Jaime Augusto Correa Medina 
256 |a Servicio en ln̕ea 
260 |a Bogot:̀  |b Editorial Universidad de Rosario (Colombia),  |c 2018 
300 |a 1 recurso electrn̤ico 
506 1 |a Disponible solo en los productos indicados  |d vLex Global  |d vLex Global (Academic Edition, excluding Law Schools)  |d vLex Global (U.S. Academic Edition, Law Schools)  |d vLex Global (U.S. Academic Edition, excluding Law Schools)  |d vLex Global (Academic Edition, Law Schools) 
650 0 4 |a Procedimiento Civil  |z Colombia 
700 1 |a Correa Medina, Jaime Augusto 
740 0 |a vLex Libros (Servicio en ln̕ea) 
856 4 0 |u http://vlex.com/source/oralidad-proceso-civil-21852  |z Acceso restringido 
942 |c BOOK 
999 0 |a Civil Procedure